000 00403nam a22001577a 4500
999 _c8028
_d8026
005 20220805144658.0
008 220805b ||||| |||| 00| 0 eng d
020 _a97815-43346-26-8
041 _aeng
100 _aSHARMA, SHALINI
_97327
245 _aESSENTIALS OF PHARMACY LAW AND ETHICS
260 _aPUNJAB
_bS.VIKAS AND COMPANY
_c2022
300 _a174;P
650 _aPHARMACY
_97328
942 _cBK